The architectural representation of Islam (Record no. 95686)
[ view plain ]
| 000 -LEADER | |
|---|---|
| fixed length control field | 01359nam a22003374a 4500 |
| 100 1# - MAIN ENTRY--AUTHOR NAME | |
| Personal name | Roose, Eric. |
| 245 14 - TITLE STATEMENT | |
| Title | The architectural representation of Islam |
| 260 ## - PUBLICATION, DISTRIBUTION, ETC. (IMPRINT) | |
| Place of publication | Amsterdam : |
| Name of publisher | Amsterdam University Press ; ISIM, |
| Year of publication | c2009. |
| 300 ## - PHYSICAL DESCRIPTION | |
| Number of Pages | 416 p. : |
| Other physical details | ill. (some col.). |
| 490 1# - SERIES STATEMENT | |
| Series statement | ISIM dissertations |
| 500 ## - GENERAL NOTE | |
| General note | Also published as thesis--Universiteit Leiden, 2009. |
| 650 #0 - SUBJECT ADDED ENTRY--TOPICAL TERM | |
| Topical Term | Mosques |
| Topical Term | Islamic architecture |
| 856 40 - ELECTRONIC LOCATION AND ACCESS | |
| Uniform Resource Identifier | http://site.ebrary.com/lib/rucke/Doc?id=10397472 |
No items available.
